书目信息 |
| 题名: |
世界教育发展趋势与中国教育改革
|
|
| 作者: | 包秋 主编 | |
| 分册: | ||
| 出版信息: | 北京 人民教育出版社 1998 |
|
| 页数: | 387页 | |
| 开本: | 20cm | |
| 丛书名: | ||
| 单 册: | ||
| 中图分类: | G51-53 , G521-53 , G4 | |
| 科图分类: | ||
| 主题词: | 教育工作--发展--世界--文集 , 教育工作 , 教育改革--研究--中国--文集 , 教育改革 , 教育 | |
| 电子资源: | ||
| ISBN: | 7-107-12500-1 | |
| 000 | 00857nam0 2200289 450 | |
| 001 | 1539571822 | |
| 005 | 20151110141121.97 | |
| 010 | @a7-107-12500-1@dCNY21.00 | |
| 100 | @a19980817d1998 kemy0chiy0110 ea | |
| 101 | 0 | @achi@eeng |
| 102 | @aCN@b110000 | |
| 105 | @ay z 000yy | |
| 200 | 1 | @a世界教育发展趋势与中国教育改革@9shi jie jiao yu fa zhan qu shi yu zhong guo jiao yu gai ge@f包秋主编 |
| 210 | @a北京@c人民教育出版社@d1998 | |
| 215 | @a387页@d20cm | |
| 510 | 1 | @aWorld education development and Chinese educational reform@zeng |
| 606 | 0 | @a教育工作@x发展@y世界@x文集 |
| 606 | 0 | @a教育工作 |
| 606 | 0 | @a教育改革@x研究@y中国@x文集 |
| 606 | 0 | @a教育改革 |
| 606 | 0 | @a教育 |
| 690 | @aG51-53@v5 | |
| 690 | @aG521-53@v5 | |
| 690 | @aG4@v4 | |
| 701 | 0 | @a包秋@9bao qiu@4主编 |
| 801 | 0 | @aCN@bTSSF@c20150203 |
| 905 | @aZUCC@dG4@eJY232 | |
| 世界教育发展趋势与中国教育改革/包秋主编.-北京:人民教育出版社,1998 |
| 387页;20cm |
| ISBN 7-107-12500-1:CNY21.00 |
| ● |
| 相关链接 |
|
|
|
|
正题名:世界教育发展趋势与中国教育改革
索取号:G4/JY232
 
预约/预借
| 序号 | 登录号 | 条形码 | 馆藏地/架位号 | 状态 | 备注 |
| 1 | 7845768 | 278457689 | 学院路分馆/ [索取号:G4/JY232] | 在馆 | |
| 2 | 7865443 | 278654430 | 学院路分馆/ [索取号:G4/JY232] | 在馆 |